书目信息 |
| 题名: |
中国古都
|
|
| 作者: | 周积明, 著 | |
| 分册: | ||
| 出版信息: | 广州 广东人民出版社 1996.07 |
|
| 页数: | 148页 | |
| 开本: | 19cm | |
| 丛书名: | 中国历史小丛书 | |
| 单 册: | ||
| 中图分类: | K928.6 | |
| 科图分类: | ||
| 主题词: | 都城--du cheng--中国--古代 | |
| 电子资源: | ||
| ISBN: | 7-218-02168-9 | |
| 000 | 00811nam 2200241 450 | |
| 001 | 0136526973 | |
| 005 | 20050915095400.60 | |
| 010 | @a7-218-02168-9@dCNY9.70 | |
| 100 | @a20050504d1996 km y0chiy0120 ea | |
| 101 | 0 | @achi |
| 102 | @aCN@b440000 | |
| 105 | @aa z 000yy | |
| 200 | 1 | @a中国古都@Azhong guo gu dou@f周积明著@Fzhou ji ming zhu |
| 210 | @a广州@c广东人民出版社@d1996.07 | |
| 215 | @a148页@c图@d19cm | |
| 225 | 2 | @a中国历史小丛书@Azhong guo li shi xiao cong shu |
| 330 | @a本书内容有:第一章,最初的足迹;第二章,青春时节;第三章,新的意味;第四章,走向成熟;第五章,新生与转型。 | |
| 410 | 0 | @12001 @a中国历史小丛书 |
| 606 | 0 | @a都城@Adu cheng@y中国@z古代 |
| 690 | @aK928.6@v4 | |
| 701 | 0 | @a周积明,@Azhou ji ming,@f1949-@4著 |
| 801 | 0 | @aCN@bQSSK@c20050915 |
| 905 | @a10447@dK928.6@eZ774 | |
| 中国古都/周积明著.-广州:广东人民出版社,1996.07 |
| 148页:图;19cm.-(中国历史小丛书) |
| ISBN 7-218-02168-9:CNY9.70 |
| 本书内容有:第一章,最初的足迹;第二章,青春时节;第三章,新的意味;第四章,走向成熟;第五章,新生与转型。 |
| ● |
| 相关链接 |
|
|
|
正题名:中国古都
索取号:K928.6/Z774
 
预约/预借
| 序号 | 登录号 | 条形码 | 馆藏地/架位号 | 状态 | 备注 |
| 1 | 564755 | 205647558 | 社科库309/309社科库 16排4列5层/ [索取号:K928.6/Z774] | 在馆 | |
| 2 | 564756 | 205647567 | 社科库309/309社科库 16排4列5层/ [索取号:K928.6/Z774] | 在馆 | |
| 3 | 564757 | 205647576 | 社科库309/309社科库 16排4列5层/ [索取号:K928.6/Z774] | 在馆 |